000
00304nam a22001337a 4500
008
170614b xxu||||| |||| 00| 0 eng d
020
_a
0801493261
041
_a
eng
080
_a
32
100
_a
19
101
_a
19
245
_a
SMALL STATES IN WORLD MARKETS
_c
KATZENSTEIN.P.J
942
_2
udc
_c
BK
999
_c
17437
_d
17437